Регионална библиотека "Любен Каравелов" - Русе

Лабиринтът на съдията Ди | Ди Гунан | Златното божество | Загадката на лабиринта (Запис номер 80032)

MARC детайли
000 -Лидер
Контролно поле с фиксирана дължина 01477nam a2200361 c 4500
003 - Код на организацията, давaща контролен номер
Контролно поле BLK
005 - Дата и час на последна редакция
Контролно поле 20250331141633.0
008 - Елементи от данни с фиксирана дължина
fixed length control field 180408b bul|||||r ||||||| ||bul||
010 ## - Наследен системен номер
LC control number KNG00084516000
020 ## - Международен стандартен номер на книга ISBN
Международен стандартен номер на книга ISBN 978-954-528-793-0
-- издат.: Труд
040 ## - Източник на каталожния запис
Идентификатор на билиотеката - собственик на записа BLK
041 ## - Код за език
Код за езика на текст/звукозапис или на отделно заглавие Български
Код за езика КДБФ Български
080 ## - УДК
Текстов определител УДК Холандска литература в Белгия
УДК код - определител по УДК 821.112.5(493)
УДК определител -312.4
УДК - код + определител 821.112.5(493)-312.4
100 1# - Редна дума - Автор
Автор Хюлик, Робърт ван
Авторска отговорност първи автор
R(LIN) 252618
139 ## - Редно поле
Редна дума Хюлик, Робърт ван
Авторски знак Хю - Х 98
245 10 - Сведения за заглавието
Заглавие Лабиринтът на съдията Ди
Редно поле (дума) Робърт ван Хюлик; прев. от англ. Мария Груева.
245 10 - Сведения за заглавието
Заглавие Ди Гунан
Подзаглавни данни
Редно поле (дума)
245 10 - Сведения за заглавието
Заглавие Златното божество
Подзаглавни данни
Редно поле (дума)
245 10 - Сведения за заглавието
Заглавие Загадката на лабиринта
Подзаглавни данни
Редно поле (дума)
257 ## - Страна на издаване
Страна на създаване/издаване Нидерландия (Холандия)
260 ## - Област на издателските данни
-- София
Име на издателя, разпространителя и проч. Труд
Година на издаване 2008
Печатница София : Д. Благоев
300 ## - Физическа характеристика
Страници 495 с.
Илюстрации и др. с ил.
Размери/Мащаб 24 см
380 ## - Жанр
Жанр Худож. лит.
490 1# - СЕРИИ (Колекции)
Име на серия Китайски загадки
500 ## - Общи забележки
Забележка Ориг. загл. De Goong an : An Ancient chinese detective story ; The Chinese Maze Murders ; The Chinese Gold Murders / Robert van Guilik
700 1# - Други автори (авторска отговорност)
Лично име Груева, Мария
Автороска отговорност (Описва отношението между автора и произведението) прев. от англ.
9 (RLIN) 364080
852 ## - Местоположение
Форматна сигнатура Цб 240562
856 4# - Електронен адрес и достъп
Електронен формат pdf - файл
Път до файла /url/
856 4# - Електронен адрес и достъп
Електронен формат pdf - файл
Път до файла /url/
942 ## - АРТИКУЛИ
Вид на библиотечния материал Книги
Скрит в OPAC Не
Koha issues (borrowed), all copies 18
944 ## - СЪЗДАВАНЕ И РЕДАКЦИЯ на ЗАПИСА
Създаване/Редакция Създаване
Дата на регистрацията/редакция 17.07.2008
Служител, извършил регистрацията/редакцията 30576
Статус, дата на статуса Цветомила Тодорова
944 ## - СЪЗДАВАНЕ И РЕДАКЦИЯ на ЗАПИСА
Създаване/Редакция Редакция
Дата на регистрацията/редакция 21.05.2009
Служител, извършил регистрацията/редакцията
999 ## - СИСТЕМНИ КОНТРОЛНИ НОМЕРА
Koha biblionumber 80032
Koha biblioitemnumber 80032
Наличности
Код за отписване Код за изгубен артикул Код за повреда Коз за рестрикции Код за отдаване Артикулен № Име на библиотеката - собственик Име на библиотеката, в която се намира в момента Статус (Текущо местоположение) Дата на вписване в системата Местоположение - отдел Цена в лева Инвентарен номер Систематично азбучна сигнатура Баркод Номер на екземпляра Цена в евро Служебна бележка Служебен тип на артикула Източник на класификационната схема
  Не е изгубен Не е повреден без рестрикции заемане за дома 129652 Регионална библиотека "Любен Каравелов" Русе Регионална библиотека "Любен Каравелов" Русе Заемна - подръчен фонд 2008-07-17 Заемна - подръчен фонд 20.00 120000727517 П 839-31/Х 98 120000727517 1 10.23 Дост: Pk Вид: Ф N: 5996 Дата: 16.07.2008 Дата инв: 12.02.2018 Бележки инв: П2018 Книги  
  Не е изгубен Не е повреден без рестрикции ползва се в читалня 129653 Регионална библиотека "Любен Каравелов" Русе Регионална библиотека "Любен Каравелов" Русе Хранилище 2009-04-10 Хранилище 19.99 120000734912 Цб 240562 120000734912 2 10.22 Дост: Dp Вид: Д N: 46 Дата: 29.10.2008 Книги  
  Не е изгубен Не е повреден без рестрикции заемане за дома 731201 Регионална библиотека "Любен Каравелов" Русе Регионална библиотека "Любен Каравелов" Русе Заемна - подръчен фонд 2019-07-23 Заемна - подръчен фонд 19.99   П 839-31/Х 98 120000834688   10.22   Книги Universal Decimal Classification
Vip Innovations Ltd, Rousse, Bulgaria 2025